[Event "Portugal Open Semirrapidas"]
[Site "Lisboa POR"]
[Date "2020.02.02"]
[Round "3.26"]
[White "PRATA, José"]
[Black "ULYANOVSKYY, Viktor"]
[Result "0-1"]
[BlackElo "2236"]
[WhiteElo "1912"]
[LiveChessVersion "1.4.8"]

1. e4 {[%clk 0:15:09]} Nf6 {[%clk 0:15:10]} 2. e5 {[%clk 0:15:11]} Nd5
{[%clk 0:15:14]} 3. d4 {[%clk 0:15:12]} d6 {[%clk 0:15:18]} 4. c4
{[%clk 0:15:13]} Nb6 {[%clk 0:15:22]} 5. exd6 {[%clk 0:15:15]} cxd6
{[%clk 0:15:26]} 6. Nc3 {[%clk 0:15:12]} g6 {[%clk 0:15:30]} 7. Be3
{[%clk 0:15:08]} Bg7 {[%clk 0:15:34]} 8. Rc1 {[%clk 0:15:03]} O-O
{[%clk 0:15:36]} 9. b3 {[%clk 0:15:00]} Nc6 {[%clk 0:15:38]} 10. d5
{[%clk 0:14:36]} Ne5 {[%clk 0:15:18]} 11. Be2 {[%clk 0:14:26]} Ned7
{[%clk 0:14:06]} 12. f4 {[%clk 0:12:55]} Nf6 {[%clk 0:14:09]} 13. Nf3
{[%clk 0:12:51]} Nbd7 {[%clk 0:14:10]} 14. O-O {[%clk 0:12:19]} Qa5
{[%clk 0:14:02]} 15. Bd4 {[%clk 0:11:15]} a6 {[%clk 0:13:12]} 16. a4
{[%clk 0:09:29]} Ng4 {[%clk 0:13:02]} 17. Bxg7 {[%clk 0:09:18]} Kxg7
{[%clk 0:13:05]} 18. Qd4+ {[%clk 0:08:45]} f6 {[%clk 0:13:08]} 19. h3
{[%clk 0:08:25]} Nh6 {[%clk 0:13:11]} 20. g4 {[%clk 0:07:51]} Qc5
{[%clk 0:13:06]} 21. Rfe1 {[%clk 0:07:07]} Re8 {[%clk 0:12:39]} 22. Kh2
{[%clk 0:06:50]} Qxd4 {[%clk 0:12:19]} 23. Nxd4 {[%clk 0:06:53]} Nf8
{[%clk 0:12:18]} 24. Bf3 {[%clk 0:06:32]} Bd7 {[%clk 0:11:52]} 25. a5
{[%clk 0:06:22]} Nf7 {[%clk 0:11:52]} 26. Re2 {[%clk 0:06:00]} Nd8
{[%clk 0:11:00]} 27. Rce1 {[%clk 0:05:58]} Kf7 {[%clk 0:11:04]} 28. Kg3
{[%clk 0:05:42]} Rb8 {[%clk 0:10:43]} 29. h4 {[%clk 0:05:33]} Rc8
{[%clk 0:09:51]} 30. Ne4 {[%clk 0:05:23]} h6 {[%clk 0:09:41]} 31. f5
{[%clk 0:05:03]} g5 {[%clk 0:08:08]} 32. hxg5 {[%clk 0:04:57]} fxg5
{[%clk 0:07:57]} 33. Rh2 {[%clk 0:04:29]} Kg7 {[%clk 0:07:53]} 34. Ne6+
{[%clk 0:04:26]} Bxe6 {[%clk 0:07:48]} 35. fxe6 {[%clk 0:04:06]} Ng6
{[%clk 0:07:43]} 36. Reh1 {[%clk 0:04:10]} Nh4 {[%clk 0:07:47]} 37. Rf2
{[%clk 0:03:52]} Rf8 {[%clk 0:07:36]} 38. Rhf1 {[%clk 0:03:52]} Rb8
{[%clk 0:07:11]} 39. Be2 {[%clk 0:03:44]} Rxf2 {[%clk 0:07:14]} 40. Rxf2
{[%clk 0:03:48]} Ng6 {[%clk 0:07:01]} 41. Bd1 {[%clk 0:03:29]} b6
{[%clk 0:07:05]} 42. axb6 {[%clk 0:03:32]} Rxb6 {[%clk 0:07:09]} 43. Ra2
{[%clk 0:03:10]} Nb7 {[%clk 0:06:42]} 44. Nc3 {[%clk 0:03:00]} Nc5
{[%clk 0:06:32]} 45. Ra3 {[%clk 0:02:50]} Kf6 {[%clk 0:06:29]} 46. Bc2
{[%clk 0:02:38]} Nf4 {[%clk 0:06:30]} 47. Kf3 {[%clk 0:02:18]} Ke5
{[%clk 0:06:29]} 48. Ke3 {[%clk 0:01:55]} Rb8 {[%clk 0:05:48]} 49. Na4
{[%clk 0:01:41]} Nxa4 {[%clk 0:05:48]} 50. Rxa4 {[%clk 0:01:45]} Rb6
{[%clk 0:05:50]} 51. b4 {[%clk 0:01:34]} Rb8 {[%clk 0:05:27]} 52. Be4
{[%clk 0:01:29]} Rb6 {[%clk 0:05:15]} 53. Bc2 {[%clk 0:01:19]} h5
{[%clk 0:05:17]} 54. gxh5 {[%clk 0:01:20]} Nxh5 {[%clk 0:05:22]} 55. Bd3
{[%clk 0:01:06]} Nf6 {[%clk 0:05:15]} 56. b5 {[%clk 0:01:01]} axb5
{[%clk 0:05:17]} 57. Rb4 {[%clk 0:01:05]} bxc4 {[%clk 0:05:16]} 58. Rxb6
{[%clk 0:01:04]} Nxd5+ {[%clk 0:05:20]} 0-1

[Event "Portugal Open Semirrapidas"]
[Site "Lisboa POR"]
[Date "2020.02.02"]
[Round "3.27"]
[White "VEIGA, Francisco"]
[Black "MORAIS, Mário"]
[Result "1-0"]
[BlackElo "1744"]
[WhiteElo "2370"]
[LiveChessVersion "1.4.8"]

1. e4 {[%clk 0:15:06]} g6 {[%clk 0:14:55]} 2. d4 {[%clk 0:15:09]} Bg7
{[%clk 0:14:55]} 3. Nc3 {[%clk 0:15:09]} c5 {[%clk 0:14:58]} 4. dxc5
{[%clk 0:15:09]} Bxc3+ {[%clk 0:14:49]} 5. bxc3 {[%clk 0:15:13]} Qa5
{[%clk 0:14:54]} 6. Qd4 {[%clk 0:13:46]} Nf6 {[%clk 0:14:57]} 7. Qb4
{[%clk 0:12:50]} Nc6 {[%clk 0:14:12]} 8. Qxa5 {[%clk 0:12:50]} Nxa5
{[%clk 0:14:16]} 9. Bd3 {[%clk 0:12:43]} b6 {[%clk 0:13:26]} 10. cxb6
{[%clk 0:12:44]} axb6 {[%clk 0:13:30]} 11. Be3 {[%clk 0:12:37]} Bb7
{[%clk 0:13:09]} 12. f3 {[%clk 0:12:39]} O-O {[%clk 0:12:57]} 13. Bxb6
{[%clk 0:12:33]} Rfc8 {[%clk 0:13:00]} 14. Bxa5 {[%clk 0:12:10]} Rxa5
{[%clk 0:13:04]} 15. Ne2 {[%clk 0:12:06]} Ba6 {[%clk 0:13:02]} 16. Kd2
{[%clk 0:11:56]} d6 {[%clk 0:12:59]} 17. Rhb1 {[%clk 0:11:40]} Nd7
{[%clk 0:13:00]} 18. Bxa6 {[%clk 0:11:39]} Rxa6 {[%clk 0:13:04]} 19. Rb7
{[%clk 0:11:43]} Rd8 {[%clk 0:12:11]} 20. Rc7 {[%clk 0:11:21]} Kf8
{[%clk 0:12:13]} 21. Nd4 {[%clk 0:11:22]} Ne5 {[%clk 0:11:38]} 22. f4
{[%clk 0:11:19]} Ng4 {[%clk 0:11:28]} 23. h3 {[%clk 0:11:17]} Nf6
{[%clk 0:11:25]} 24. Ke3 {[%clk 0:11:16]} Rd7 {[%clk 0:11:10]} 25. Rxd7
{[%clk 0:11:08]} Nxd7 {[%clk 0:11:14]} 26. Nb3 {[%clk 0:11:04]} e5
{[%clk 0:11:03]} 27. g3 {[%clk 0:11:06]} Ke7 {[%clk 0:11:05]} 28. a4
{[%clk 0:11:08]} Nb6 {[%clk 0:11:00]} 29. a5 {[%clk 0:11:10]} Nc4+
{[%clk 0:10:58]} 30. Kd3 {[%clk 0:11:12]} Nb2+ {[%clk 0:11:00]} 31. Ke3
{[%clk 0:11:15]} Nc4+ {[%clk 0:11:04]} 32. Kd3 {[%clk 0:11:14]} Nb2+
{[%clk 0:11:07]} 33. Ke2 {[%clk 0:11:17]} Ke6 {[%clk 0:11:03]} 34. Ra2
{[%clk 0:11:15]} Nc4 {[%clk 0:10:54]} 35. Kd3 {[%clk 0:11:13]} Nb6
{[%clk 0:10:58]} 36. axb6 {[%clk 0:11:13]} Rxa2 {[%clk 0:10:52]} 1-0

[Event "Portugal Open Semirrapidas"]
[Site "Lisboa POR"]
[Date "2020.02.02"]
[Round "3.28"]
[White "ROCHA, Sergio"]
[Black "GOMES, José Luis"]
[Result "1-0"]
[BlackElo "1736"]
[WhiteElo "2226"]
[LiveChessVersion "1.4.8"]

1. d4 {[%clk 0:15:08]} d5 {[%clk 0:15:08]} 2. Nf3 {[%clk 0:15:12]} g6
{[%clk 0:15:07]} 3. c4 {[%clk 0:15:14]} c6 {[%clk 0:15:07]} 4. Nc3
{[%clk 0:15:16]} Bg7 {[%clk 0:15:03]} 5. a4 {[%clk 0:15:19]} Nf6 {[%clk 0:14:59]}
6. Bf4 {[%clk 0:15:22]} O-O {[%clk 0:14:41]} 7. e3 {[%clk 0:15:26]} dxc4
{[%clk 0:13:48]} 8. Bxc4 {[%clk 0:15:28]} Bf5 {[%clk 0:13:39]} 9. a5
{[%clk 0:15:24]} Nbd7 {[%clk 0:12:47]} 10. O-O {[%clk 0:15:22]} Ne4
{[%clk 0:12:29]} 11. Qb3 {[%clk 0:15:17]} Qc8 {[%clk 0:12:16]} 12. Nxe4
{[%clk 0:15:12]} Bxe4 {[%clk 0:12:12]} 13. Ng5 {[%clk 0:15:16]} Bd5
{[%clk 0:11:50]} 14. Bxd5 {[%clk 0:15:19]} cxd5 {[%clk 0:11:54]} 15. Rfc1
{[%clk 0:15:22]} Qd8 {[%clk 0:11:43]} 16. Bc7 {[%clk 0:15:17]} Qe8
{[%clk 0:11:36]} 17. Qxd5 {[%clk 0:15:19]} b6 {[%clk 0:11:05]} 18. a6
{[%clk 0:14:58]} Nf6 {[%clk 0:10:45]} 19. Qb7 {[%clk 0:14:49]} Qb5
{[%clk 0:10:26]} 20. Nf3 {[%clk 0:14:32]} Nd5 {[%clk 0:10:02]} 21. h3
{[%clk 0:14:12]} Nxc7 {[%clk 0:08:25]} 22. Rxc7 {[%clk 0:14:10]} Qxb2
{[%clk 0:08:26]} 23. Rac1 {[%clk 0:14:13]} h5 {[%clk 0:07:22]} 24. Qe4
{[%clk 0:11:32]} Qa3 {[%clk 0:06:57]} 25. g4 {[%clk 0:10:50]} Qxa6
{[%clk 0:06:12]} 26. gxh5 {[%clk 0:10:50]} b5 {[%clk 0:05:35]} 27. R1c6
{[%clk 0:10:47]} Qa1+ {[%clk 0:05:11]} 28. Kg2 {[%clk 0:10:51]} Qa2
{[%clk 0:04:07]} 29. Rxe7 {[%clk 0:09:57]} f5 {[%clk 0:03:41]} 30. Rxg7+
{[%clk 0:09:31]} Kxg7 {[%clk 0:02:58]} 31. Rxg6+ {[%clk 0:09:33]} Kh7
{[%clk 0:02:48]} 32. Qf4 {[%clk 0:08:41]} 1-0

[Event "Portugal Open Semirrapidas"]
[Site "Lisboa POR"]
[Date "2020.02.02"]
[Round "3.29"]
[White "BASÍLIO, Rodrigo"]
[Black "REGO, Pedro"]
[Result "1-0"]
[BlackElo "2195"]
[WhiteElo "1749"]
[LiveChessVersion "1.4.8"]

1. e4 {[%clk 0:15:08]} c5 {[%clk 0:15:05]} 2. Nf3 {[%clk 0:15:11]} Nc6
{[%clk 0:15:08]} 3. d4 {[%clk 0:15:14]} cxd4 {[%clk 0:15:11]} 4. Nxd4
{[%clk 0:15:17]} Nf6 {[%clk 0:15:11]} 5. Nc3 {[%clk 0:15:20]} e5 {[%clk 0:15:13]}
6. Ndb5 {[%clk 0:15:23]} d6 {[%clk 0:15:16]} 7. Bg5 {[%clk 0:15:21]} a6
{[%clk 0:15:18]} 8. Bxf6 {[%clk 0:15:17]} gxf6 {[%clk 0:15:21]} 9. Na3
{[%clk 0:15:21]} Bg7 {[%clk 0:15:21]} 10. Nd5 {[%clk 0:14:35]} Be6
{[%clk 0:14:31]} 11. Nc4 {[%clk 0:14:32]} b5 {[%clk 0:14:13]} 12. Nce3
{[%clk 0:14:35]} Ne7 {[%clk 0:13:33]} 13. Bd3 {[%clk 0:12:46]} Rb8
{[%clk 0:12:20]} 14. c3 {[%clk 0:11:44]} Qc8 {[%clk 0:09:46]} 15. Qf3
{[%clk 0:08:55]} Bxd5 {[%clk 0:09:42]} 16. exd5 {[%clk 0:07:25]} h5
{[%clk 0:09:24]} 17. Nf5 {[%clk 0:06:11]} Nxf5 {[%clk 0:09:25]} 18. Bxf5
{[%clk 0:06:14]} Qc4 {[%clk 0:09:13]} 19. b3 {[%clk 0:04:52]} Qc5
{[%clk 0:08:56]} 20. O-O {[%clk 0:04:12]} Ke7 {[%clk 0:09:00]} 21. a4
{[%clk 0:03:13]} Rb7 {[%clk 0:09:04]} 22. axb5 {[%clk 0:03:12]} axb5
{[%clk 0:09:08]} 23. Ra6 {[%clk 0:02:41]} Rc7 {[%clk 0:09:08]} 24. Rfa1
{[%clk 0:02:23]} Rb8 {[%clk 0:07:50]} 25. h3 {[%clk 0:00:18]} Rbb7
{[%clk 0:05:51]} 26. Rc6 {[%clk 0:00:07]} Rxc6 {[%clk 0:05:53]} 27. dxc6
{[%clk 0:00:11]} Rc7 {[%clk 0:05:58]} 28. Be4 {[%clk 0:00:15]} Bh6
{[%clk 0:05:15]} 29. b4 {[%clk 0:00:19]} Qc4 {[%clk 0:05:05]} 30. Bd5
{[%clk 0:00:22]} Qh4 {[%clk 0:04:52]} 31. Qd3 {[%clk 0:00:17]} Kf8
{[%clk 0:03:06]} 32. Qh7 {[%clk 0:00:08]} Bg7 {[%clk 0:01:17]} 33. Ra8+
{[%clk 0:00:12]} 1-0

[Event "Portugal Open Semirrapidas"]
[Site "Lisboa POR"]
[Date "2020.02.02"]
[Round "3.30"]
[White "GUERRA, Vitor"]
[Black "ELIAS, Ruben"]
[Result "1-0"]
[BlackElo "1733"]
[WhiteElo "2164"]
[LiveChessVersion "1.4.8"]

1. d4 {[%clk 0:15:07]} d5 {[%clk 0:15:08]} 2. Nf3 {[%clk 0:15:06]} Nf6
{[%clk 0:15:11]} 3. g3 {[%clk 0:14:50]} e6 {[%clk 0:15:10]} 4. Bg2
{[%clk 0:14:51]} c5 {[%clk 0:15:12]} 5. c4 {[%clk 0:14:53]} cxd4 {[%clk 0:14:55]}
6. cxd5 {[%clk 0:14:52]} Bb4+ {[%clk 0:13:25]} 7. Bd2 {[%clk 0:14:40]} Bxd2+
{[%clk 0:13:17]} 8. Qxd2 {[%clk 0:14:31]} Qxd5 {[%clk 0:13:03]} 9. Qxd4
{[%clk 0:14:20]} Nc6 {[%clk 0:12:21]} 10. Qxd5 {[%clk 0:14:21]} Nxd5
{[%clk 0:12:18]} 11. O-O {[%clk 0:14:15]} O-O {[%clk 0:11:56]} 12. e4
{[%clk 0:14:16]} Nf6 {[%clk 0:11:32]} 13. Nc3 {[%clk 0:14:17]} e5
{[%clk 0:11:24]} 14. Nd2 {[%clk 0:13:07]} Rd8 {[%clk 0:10:35]} 15. Nc4
{[%clk 0:12:52]} Be6 {[%clk 0:10:24]} 16. Ne3 {[%clk 0:12:54]} Nd4
{[%clk 0:09:45]} 17. Ned5 {[%clk 0:12:45]} Nxd5 {[%clk 0:09:21]} 18. exd5
{[%clk 0:12:22]} Bf5 {[%clk 0:09:04]} 19. Rad1 {[%clk 0:12:17]} Rac8
{[%clk 0:08:51]} 20. f4 {[%clk 0:11:55]} Bg4 {[%clk 0:07:17]} 21. Rd2
{[%clk 0:11:44]} f6 {[%clk 0:06:51]} 22. Be4 {[%clk 0:10:19]} b5 {[%clk 0:05:40]}
23. a3 {[%clk 0:09:33]} Nb3 {[%clk 0:05:33]} 24. Rdf2 {[%clk 0:09:12]} f5
{[%clk 0:05:18]} 25. Bc2 {[%clk 0:09:06]} Nd4 {[%clk 0:04:40]} 26. fxe5
{[%clk 0:08:23]} Ne2+ {[%clk 0:03:42]} 27. Nxe2 {[%clk 0:08:02]} Rxc2
{[%clk 0:03:46]} 28. Nc3 {[%clk 0:07:52]} Rxf2 {[%clk 0:03:32]} 29. Kxf2
{[%clk 0:07:36]} a5 {[%clk 0:03:23]} 30. d6 {[%clk 0:07:15]} b4 {[%clk 0:03:20]}
31. axb4 {[%clk 0:07:09]} axb4 {[%clk 0:03:23]} 32. Nd5 {[%clk 0:07:09]} Rb8
{[%clk 0:02:46]} 33. Ke3 {[%clk 0:06:50]} Kf7 {[%clk 0:02:32]} 34. Kd4
{[%clk 0:06:51]} Ke6 {[%clk 0:01:45]} 35. Rc1 {[%clk 0:06:34]} Bf3
{[%clk 0:01:27]} 36. Rc7 {[%clk 0:06:22]} f4 {[%clk 0:00:34]} 37. Nxf4+
{[%clk 0:05:34]} Kf5 {[%clk 0:00:35]} 38. Rf7+ {[%clk 0:05:21]} Kg5
{[%clk 0:00:17]} 39. Ne6+ {[%clk 0:05:20]} Kg4 {[%clk 0:00:12]} 40. Rf4+
{[%clk 0:05:23]} 1-0

[Event "Portugal Open Semirrapidas"]
[Site "Lisboa POR"]
[Date "2020.02.02"]
[Round "3.31"]
[White "GARCIA DORADO, Alberto"]
[Black "RAMOS, Nuno"]
[Result "1-0"]
[BlackElo "1723"]
[WhiteElo "2150"]
[LiveChessVersion "1.4.8"]

1. d4 {[%clk 0:15:09]} d5 {[%clk 0:15:06]} 2. c4 {[%clk 0:15:12]} e6
{[%clk 0:14:58]} 3. Nf3 {[%clk 0:15:14]} Nf6 {[%clk 0:15:02]} 4. g3
{[%clk 0:15:18]} c5 {[%clk 0:14:41]} 5. cxd5 {[%clk 0:15:18]} Nxd5
{[%clk 0:14:35]} 6. e4 {[%clk 0:14:57]} Nf6 {[%clk 0:14:17]} 7. Nc3
{[%clk 0:15:00]} cxd4 {[%clk 0:13:48]} 8. Qxd4 {[%clk 0:15:03]} Qxd4
{[%clk 0:13:46]} 9. Nxd4 {[%clk 0:15:06]} Bb4 {[%clk 0:11:45]} 10. Bg2
{[%clk 0:15:07]} O-O {[%clk 0:11:44]} 11. Bd2 {[%clk 0:14:50]} Nc6
{[%clk 0:11:21]} 12. Nxc6 {[%clk 0:14:48]} bxc6 {[%clk 0:11:25]} 13. e5
{[%clk 0:14:50]} Nd5 {[%clk 0:11:26]} 14. Ne4 {[%clk 0:14:50]} Ba6
{[%clk 0:11:05]} 15. Rc1 {[%clk 0:14:53]} Bxd2+ {[%clk 0:08:51]} 16. Kxd2
{[%clk 0:14:56]} Nb4 {[%clk 0:07:27]} 17. Nc5 {[%clk 0:14:28]} Rfd8+
{[%clk 0:07:06]} 18. Ke3 {[%clk 0:14:10]} Bb5 {[%clk 0:05:08]} 19. Rc3
{[%clk 0:12:53]} Nxa2 {[%clk 0:04:56]} 20. Rb3 {[%clk 0:12:57]} Bc4
{[%clk 0:04:34]} 21. Rb7 {[%clk 0:12:55]} Rab8 22. Rxa7 {[%clk 0:12:40]} Rxb2
{[%clk 0:04:17]} 23. Rd1 {[%clk 0:12:43]} Re2+ {[%clk 0:03:42]} 24. Kf3
{[%clk 0:12:47]} Bd5+ {[%clk 0:02:38]} 25. Rxd5 {[%clk 0:12:48]} cxd5
{[%clk 0:02:41]} 26. Kxe2 {[%clk 0:12:51]} Nc3+ {[%clk 0:02:32]} 27. Kd2
{[%clk 0:12:48]} Nb5 {[%clk 0:02:33]} 28. Rb7 {[%clk 0:12:26]} Nd4
{[%clk 0:02:31]} 29. Nd7 {[%clk 0:12:22]} Rc8 {[%clk 0:02:19]} 30. Rb8 1-0

[Event "Portugal Open Semirrapidas"]
[Site "Lisboa POR"]
[Date "2020.02.02"]
[Round "3.32"]
[White "ALEIXO, Pedro"]
[Black "FERREIRA, Hugo"]
[Result "0-1"]
[BlackElo "2126"]
[WhiteElo "1739"]
[LiveChessVersion "1.4.8"]

1. e4 {[%clk 0:15:07]} c5 {[%clk 0:15:09]} 2. Nf3 {[%clk 0:15:09]} a6
{[%clk 0:15:13]} 3. b3 {[%clk 0:15:03]} Nc6 {[%clk 0:15:14]} 4. d4
{[%clk 0:14:55]} cxd4 {[%clk 0:15:18]} 5. Nxd4 {[%clk 0:14:58]} Nf6
{[%clk 0:15:21]} 6. Nxc6 {[%clk 0:14:27]} bxc6 {[%clk 0:15:24]} 7. Bd3
{[%clk 0:14:15]} d5 {[%clk 0:15:19]} 8. Qe2 {[%clk 0:13:41]} d4 {[%clk 0:14:44]}
9. e5 {[%clk 0:12:31]} Nd5 {[%clk 0:14:48]} 10. O-O {[%clk 0:12:07]} g6
{[%clk 0:14:39]} 11. Ba3 {[%clk 0:11:30]} Qb6 {[%clk 0:14:29]} 12. Bc4
{[%clk 0:11:12]} Be6 {[%clk 0:14:31]} 13. Rd1 {[%clk 0:10:39]} Rd8
{[%clk 0:13:47]} 14. Bxd5 {[%clk 0:10:27]} Rxd5 {[%clk 0:13:45]} 15. c4
{[%clk 0:09:29]} Rd7 {[%clk 0:13:23]} 16. Kh1 {[%clk 0:08:58]} Bh6
{[%clk 0:13:14]} 17. Qf3 {[%clk 0:08:08]} O-O {[%clk 0:13:12]} 18. Nd2
{[%clk 0:07:44]} Qa5 {[%clk 0:13:13]} 19. b4 {[%clk 0:07:10]} Qxe5
{[%clk 0:13:16]} 20. Qxc6 {[%clk 0:06:56]} d3 {[%clk 0:13:18]} 21. Rab1
{[%clk 0:05:50]} Qc3 {[%clk 0:13:11]} 22. Rb3 {[%clk 0:04:51]} Qc2
{[%clk 0:13:12]} 23. Qf3 {[%clk 0:03:34]} Bxd2 {[%clk 0:12:43]} 24. Rb2
{[%clk 0:03:18]} Qa4 {[%clk 0:12:46]} 25. Rdxd2 {[%clk 0:02:38]} Qxa3
{[%clk 0:12:48]} 26. c5 {[%clk 0:02:23]} Rc8 {[%clk 0:11:52]} 27. Rb1
{[%clk 0:01:11]} Qc3 {[%clk 0:11:21]} 28. Qd1 {[%clk 0:00:53]} Rd4
{[%clk 0:11:11]} 0-1

[Event "Portugal Open Semirrapidas"]
[Site "Lisboa POR"]
[Date "2020.02.02"]
[Round "3.33"]
[White "PIRES, Emanuel"]
[Black "SILVA, Tiago"]
[Result "0-1"]
[BlackElo "1710"]
[WhiteElo "2081"]
[LiveChessVersion "1.4.8"]

1. e4 {[%clk 0:15:03]} c5 {[%clk 0:15:10]} 2. d4 {[%clk 0:15:07]} cxd4
{[%clk 0:15:12]} 3. c3 {[%clk 0:15:11]} g6 {[%clk 0:15:16]} 4. Bc4
{[%clk 0:15:00]} e6 {[%clk 0:14:46]} 5. Nf3 {[%clk 0:15:01]} Nc6 {[%clk 0:14:47]}
6. O-O {[%clk 0:15:03]} Bg7 {[%clk 0:14:44]} 7. cxd4 {[%clk 0:15:03]} Nge7
{[%clk 0:14:06]} 8. Bg5 {[%clk 0:15:00]} h6 {[%clk 0:13:55]} 9. Bf4
{[%clk 0:14:56]} d5 {[%clk 0:13:37]} 10. exd5 {[%clk 0:14:36]} Nxd5
{[%clk 0:13:33]} 11. Bxd5 {[%clk 0:13:59]} Qxd5 {[%clk 0:13:21]} 12. Nc3
{[%clk 0:13:59]} Qf5 {[%clk 0:12:28]} 13. Bd6 {[%clk 0:13:43]} Bf8
{[%clk 0:11:45]} 14. Bxf8 {[%clk 0:10:40]} Kxf8 {[%clk 0:11:49]} 15. Rc1
{[%clk 0:10:28]} Kg7 {[%clk 0:11:26]} 16. d5 {[%clk 0:10:13]} exd5
{[%clk 0:11:12]} 17. Nd4 {[%clk 0:07:39]} Qg4 {[%clk 0:10:37]} 18. Nxc6
{[%clk 0:06:35]} Qxd1 {[%clk 0:10:18]} 19. Nxd1 {[%clk 0:06:33]} bxc6
{[%clk 0:09:58]} 20. Rxc6 {[%clk 0:06:37]} Be6 {[%clk 0:09:53]} 21. Nc3
{[%clk 0:06:32]} Rab8 {[%clk 0:09:41]} 22. b3 {[%clk 0:06:34]} Rhc8
{[%clk 0:09:45]} 23. Rxc8 {[%clk 0:06:29]} Rxc8 {[%clk 0:09:46]} 24. Nb5
{[%clk 0:06:12]} Kf6 {[%clk 0:09:23]} 25. a4 {[%clk 0:05:57]} a6 {[%clk 0:09:15]}
26. Nd4 {[%clk 0:05:57]} Rc3 {[%clk 0:08:59]} 27. Rb1 {[%clk 0:05:55]} Bd7
{[%clk 0:07:09]} 28. Rd1 {[%clk 0:03:59]} Bg4 {[%clk 0:06:34]} 29. f3
{[%clk 0:03:51]} Be6 {[%clk 0:06:33]} 30. Kf2 {[%clk 0:03:14]} Ke5
{[%clk 0:05:54]} 31. Rd2 {[%clk 0:02:30]} h5 {[%clk 0:04:18]} 32. Ke2
{[%clk 0:02:27]} g5 {[%clk 0:03:44]} 33. Kf2 {[%clk 0:02:21]} h4 {[%clk 0:03:19]}
34. Ke2 {[%clk 0:01:22]} Kd6 {[%clk 0:02:30]} 35. Rd3 {[%clk 0:00:30]} Rxd3
{[%clk 0:02:16]} 36. Kxd3 {[%clk 0:00:34]} Kc5 {[%clk 0:02:03]} 37. Kc3
{[%clk 0:00:33]} a5 {[%clk 0:01:37]} 38. Nc2 {[%clk 0:00:36]} Bd7
{[%clk 0:01:35]} 39. Ne1 {[%clk 0:00:39]} Bf5 {[%clk 0:01:34]} 40. f4
{[%clk 0:00:13]} g4 {[%clk 0:01:24]} 41. h3 {[%clk 0:00:14]} gxh3
{[%clk 0:01:01]} 42. gxh3 {[%clk 0:00:18]} d4+ {[%clk 0:01:05]} 43. Kd2
{[%clk 0:00:11]} Bxh3 {[%clk 0:00:32]} 44. Nf3 {[%clk 0:00:14]} Be6
{[%clk 0:00:34]} 45. Nxh4 {[%clk 0:00:10]} Bxb3 {[%clk 0:00:30]} 46. Nf3
{[%clk 0:00:09]} f6 {[%clk 0:00:28]} 47. Kd3 {[%clk 0:00:09]} Bc4+
{[%clk 0:00:27]} 48. Kd2 {[%clk 0:00:09]} Bd5 {[%clk 0:00:27]} 49. Ne1
{[%clk 0:00:10]} Be4 {[%clk 0:00:28]} 50. Nd3+ {[%clk 0:00:08]} Bxd3
{[%clk 0:00:30]} 51. Kxd3 {[%clk 0:00:12]} f5 {[%clk 0:00:32]} 52. Kd2
{[%clk 0:00:14]} Kc4 {[%clk 0:00:34]} 53. Kc2 {[%clk 0:00:18]} d3+
{[%clk 0:00:33]} 54. Kd2 {[%clk 0:00:22]} Kd4 {[%clk 0:00:37]} 55. Kd1
{[%clk 0:00:26]} Ke3 {[%clk 0:00:27]} 56. Ke1 {[%clk 0:00:30]} Kxf4
{[%clk 0:00:31]} 57. Kd2 {[%clk 0:00:34]} Ke4 {[%clk 0:00:35]} 0-1

[Event "Portugal Open Semirrapidas"]
[Site "Lisboa POR"]
[Date "2020.02.02"]
[Round "3.34"]
[White "CHAVEZ DULCE, Angie"]
[Black "CHENNAOUI, Yasin"]
[Result "0-1"]
[BlackElo "2076"]
[WhiteElo "1735"]
[LiveChessVersion "1.4.8"]

1. e4 {[%clk 0:15:08]} c5 {[%clk 0:15:09]} 2. Nc3 {[%clk 0:15:09]} Nc6
{[%clk 0:15:12]} 3. g3 {[%clk 0:15:11]} g6 {[%clk 0:15:08]} 4. Bg2
{[%clk 0:15:12]} Bg7 {[%clk 0:15:12]} 5. f4 {[%clk 0:15:11]} e6 {[%clk 0:15:15]}
6. Nf3 {[%clk 0:15:13]} Nge7 {[%clk 0:15:19]} 7. O-O {[%clk 0:15:13]} O-O
{[%clk 0:15:21]} 8. d3 {[%clk 0:15:05]} b6 {[%clk 0:15:25]} 9. Be3
{[%clk 0:15:03]} d5 {[%clk 0:15:27]} 10. exd5 {[%clk 0:14:51]} exd5
{[%clk 0:15:30]} 11. Bf2 {[%clk 0:14:45]} d4 {[%clk 0:15:27]} 12. Ne4
{[%clk 0:14:46]} f5 {[%clk 0:15:25]} 13. Ned2 {[%clk 0:14:34]} Nd5
{[%clk 0:14:56]} 14. Re1 {[%clk 0:14:20]} Bb7 {[%clk 0:13:57]} 15. a4
{[%clk 0:14:07]} Qd7 {[%clk 0:13:50]} 16. Nc4 {[%clk 0:14:08]} Rae8
{[%clk 0:13:53]} 17. Qd2 {[%clk 0:13:02]} h6 {[%clk 0:13:50]} 18. Nfe5
{[%clk 0:12:02]} Nxe5 {[%clk 0:13:11]} 19. Nxe5 {[%clk 0:12:02]} Qd6
{[%clk 0:12:28]} 20. Nc4 {[%clk 0:11:53]} Qc7 {[%clk 0:10:35]} 21. Rxe8
{[%clk 0:11:03]} Rxe8 {[%clk 0:10:40]} 22. Re1 {[%clk 0:11:05]} Rxe1+
{[%clk 0:10:42]} 23. Qxe1 {[%clk 0:11:03]} Kf7 {[%clk 0:09:37]} 24. Qe2
{[%clk 0:08:24]} Qe7 {[%clk 0:07:42]} 25. Qxe7+ {[%clk 0:06:40]} Kxe7
{[%clk 0:07:45]} 26. Be1 {[%clk 0:05:26]} Bc6 {[%clk 0:07:27]} 27. b3
{[%clk 0:04:58]} g5 {[%clk 0:05:21]} 28. fxg5 {[%clk 0:03:18]} hxg5
{[%clk 0:05:24]} 29. Bd2 {[%clk 0:02:37]} Bf6 {[%clk 0:05:25]} 30. Kf2
{[%clk 0:02:33]} Ke6 {[%clk 0:05:02]} 31. h3 {[%clk 0:02:13]} Bd8
{[%clk 0:04:47]} 32. Bf3 {[%clk 0:01:48]} a6 {[%clk 0:04:33]} 33. Bg2
{[%clk 0:01:20]} b5 {[%clk 0:03:58]} 34. axb5 {[%clk 0:01:18]} axb5
{[%clk 0:04:01]} 35. Nb2 {[%clk 0:01:14]} Be8 {[%clk 0:03:26]} 36. Bf3
{[%clk 0:01:03]} Bg6 {[%clk 0:03:12]} 37. Nd1 {[%clk 0:00:58]} Bf6
{[%clk 0:03:10]} 38. Nb2 {[%clk 0:00:24]} Ne3 {[%clk 0:02:43]} 39. c4
{[%clk 0:00:09]} dxc3 {[%clk 0:01:40]} 40. Ke1 {[%clk 0:15:05]} 0-1

[Event "Portugal Open Semirrapidas"]
[Site "Lisboa POR"]
[Date "2020.02.02"]
[Round "3.35"]
[White "JUNIOR, Aguinaldo Vera Cruz"]
[Black "RIBEIRO, Bruno"]
[Result "0-1"]
[BlackElo "2056"]
[WhiteElo "1733"]
[LiveChessVersion "1.4.8"]

1. e4 {[%clk 0:15:07]} e6 {[%clk 0:15:03]} 2. Nc3 {[%clk 0:15:08]} d5
{[%clk 0:15:01]} 3. exd5 {[%clk 0:15:09]} exd5 {[%clk 0:15:02]} 4. Bb5+
{[%clk 0:15:04]} c6 {[%clk 0:14:56]} 5. Be2 {[%clk 0:14:49]} Nf6 {[%clk 0:14:48]}
6. d3 {[%clk 0:14:48]} Bd6 7. h3 {[%clk 0:14:48]} h6 {[%clk 0:14:32]} 8. Nf3
{[%clk 0:14:52]} O-O {[%clk 0:14:27]} 9. O-O {[%clk 0:14:54]} Bf5
{[%clk 0:14:12]} 10. Nh2 {[%clk 0:14:40]} Nbd7 {[%clk 0:13:05]} 11. Bg4
{[%clk 0:14:43]} Nxg4 {[%clk 0:12:31]} 12. Nxg4 {[%clk 0:14:45]} Qh4
{[%clk 0:12:04]} 13. Qf3 {[%clk 0:14:11]} Be6 {[%clk 0:11:59]} 14. Bf4
{[%clk 0:13:57]} Bxg4 {[%clk 0:08:58]} 15. hxg4 {[%clk 0:13:46]} Bxf4
{[%clk 0:08:12]} 16. Qxf4 {[%clk 0:13:48]} h5 {[%clk 0:07:46]} 17. Qc7
{[%clk 0:13:05]} Qxg4 {[%clk 0:07:46]} 18. Qxb7 {[%clk 0:13:06]} Ne5
{[%clk 0:07:00]} 19. f3 {[%clk 0:12:43]} Qd4+ {[%clk 0:06:30]} 20. Kh2
{[%clk 0:12:06]} Rab8 {[%clk 0:06:24]} 21. Qe7 {[%clk 0:11:19]} Rfe8
{[%clk 0:05:49]} 22. Qa3 {[%clk 0:10:40]} Ng6 {[%clk 0:05:05]} 23. Rae1
{[%clk 0:10:12]} Qh4+ {[%clk 0:04:59]} 24. Kg1 {[%clk 0:10:14]} Rxe1 25. Qxa7
{[%clk 0:10:01]} Rbe8 {[%clk 0:04:47]} 26. Qd7 {[%clk 0:09:34]} Rxf1+
{[%clk 0:04:43]} 27. Qe6 Kf8+ {[%clk 0:15:05]} 28. Qe3 {[%clk 0:15:05]} 0-1